Red Grooms (Record no. 10509)

MARC details
000 - LÍDER
campo de control de longitud fija 01528nam a2200241Ia 4500
008 - ELEMENTOS DE DATOS DE LONGITUD FIJA - INFORMACIÓN GENERAL
campo de control de longitud fija 0000002002 usad 0000000000eng00
020 ## - INTERNATIONAL STANDARD BOOK NUMBER
International Standard Book Number 897972309
090 ## - NÚMERO DE LLAMADA DE TIPO LC LOCALMENTE ASIGNADO (OCLC)
Número de clasificación (OCLC) (R) PUS00 G76r2
100 1# - ENTRADA PRINCIPAL - NOMBRE PERSONAL
Nombre de la persona Grooms, Red
Fechas asociadas a un nombre 1937
245 10 - TÍTULO DECLARACIÓN
Título Red Grooms
Resto del título : recent works
260 ## - PUBLICACIÓN, DISTRIBUCIÓN
Lugar de publicación New York : Marlborough
Fecha de publicación 2002
300 ## - DESCRIPCIÓN FÍSICA
Alcance 47 p.
Dimensiones / 29 cm.
500 ## - NOTA GENERAL
Nota general Exposición realizada en Marlborough, New York, febrero 6 a marzo 9 de 2002 \ Incluye cronología del artista \ Registro auspiciado por la FGAA. Bogotá
505 ## - NOTA DE CONTENIDO FORMATEADA
Nota sobre el contenido formateado OBRAS : Jumbo. Jazz ce Soir. Tribeca night. Allman brothers band Jammin' at the Beacon. Bubble gum. Swimmin' hole. In the paint. Do I hear twenty eight millioñ Music and art. Your turn. Red, white and brown. Loop the loop. Brooklyn bridge by night. Ferry landing. Looking down broadway towards the Woolworth Building. Madame Rosa. Study for subway girders. Hamburger deluXe. Double scoop. Pretzel break. Duck to go. In the navy. The shield. Study for Tennesse Waltz. Hound dog village. Tennessee S. curve. In a Raccoons' Moon. Woody the pecker. Sumo summit. Bargaining in Morocco. Filming the African Queen. A visit to Fez. Big top (detail)
600 00 - ENTRADA DE SUJETO AÑADIDO - NOMBRE PERSONAL
Nombre de la persona GROOMS, RED, 1937/
Subdivisión general TRABAJOS PICTORICOS
650 14 - ENTRADA DE SUJETO AÑADIDO - TÉRMINO TÓPICO
Término tópico o elemento de entrada del nombre geográfico ARTE CONTEMPORANEO ESTADOUNIDENSE
650 14 - ENTRADA DE SUJETO AÑADIDO - TÉRMINO TÓPICO
Término tópico o elemento de entrada del nombre geográfico ARTE POP ESTADOUNIDENSE
650 14 - ENTRADA DE SUJETO AÑADIDO - TÉRMINO TÓPICO
Término tópico o elemento de entrada del nombre geográfico ARTISTAS PLASTICOS ESTADOUNIDENSES
650 14 - ENTRADA DE SUJETO AÑADIDO - TÉRMINO TÓPICO
Subdivisión general CATALOGOS
650 14 - ENTRADA DE SUJETO AÑADIDO - TÉRMINO TÓPICO
Subdivisión general EXPOSICIONES
650 14 - ENTRADA DE SUJETO AÑADIDO - TÉRMINO TÓPICO
Término tópico o elemento de entrada del nombre geográfico PINTORES ESTADOUNIDENSES
650 14 - ENTRADA DE SUJETO AÑADIDO - TÉRMINO TÓPICO
Término tópico o elemento de entrada del nombre geográfico PINTURA ESTADOUNIDENSE
Holdings
Estado de retirada Pérdida de estatus Estado dañado No para préstamo Código de recogida Ubicación permanente Ubicación actual Ubicación de las estanterías Fecha de adquisición Número de llamada completo Código de barras Fecha de la última vez que se vio Número de copia Precio efectivo desde Tipo de artículo Koha
        General ArtNexus ArtNexus General 06/09/2022 P-US-00 G76R2 10606 06/09/2022 Ej.1 06/09/2022 Libro

Powered by Koha